000 00558nam a2200169 a 4500
001 000032007
005 20200930063342.0
008 110707s1994 dr c 000 | spa d
040 _aDO-SdBNP
_bspa
_cBNPHU
082 _axxx
_bH919M
100 1 _aMañón del Río, Rafael
_954539
245 1 0 _aBiografía Alejandro de Humboldt /
_cRafael Mañón del Río ; prólogo de Arístides Estrada Torres.
260 _aSanto Domingo :
_b[s.n.],
_c1994.
300 _a59 p. :
_bretrs. ;
_c14 cm.
700 1 _aEstrada Torres, Arístides,
_epról.
_923023
049 _aBNPD
999 _c31498
_d31498